[Event "Toronto-Tch 2004-05"]
[Site "Toronto CAN"]
[Date "2004.10.27"]
[Round "1"]
[White "Buscar, Michael"]
[Black "Filipovich, David"]
[Result "1-0"]
[WhiteElo "2193"]
[BlackElo "2280"]
[PlyCount "117"]
[GameId "2160767911060923"]
[EventDate "2004.10.27"]
[EventType "team"]
[EventRounds "4"]
[EventCountry "CAN"]
[SourceTitle "EXT 2006"]
[Source "ChessBase"]
[SourceDate "2005.11.24"]
[SourceVersion "1"]
[SourceVersionDate "2005.11.24"]
[SourceQuality "1"]

1. d4 g6 2. Nf3 Bg7 3. e4 d6 4. c3 Nf6 5. Bd3 O-O 6. O-O Nc6 7. Nbd2 e5 8. dxe5 Nxe5 9. Nxe5 dxe5 10. Qe2 c6 11. Nb3 Qc7 12. f3 Nh5 13. Be3 Nf4 14. Qc2 Nxd3 15. Qxd3 b6 16. Rfd1 Be6 17. Qd6 Qxd6 18. Rxd6 Rac8 19. Rad1 Bf6 20. Nc1 Be7 21. R6d2 Rfd8 22. Kf2 f6 23. b3 Kf7 24. Ke2 Rxd2+ 25. Rxd2 Rd8 26. Nd3 Bc8 27. c4 Ke6 28. Kd1 f5 29. Kc2 fxe4 30. fxe4 c5 31. Nf2 Rf8 32. Nd1 Bh4 33. g3 Be7 34. Nc3 Bb7 35. Kd3 Bc6 36. Ke2 Bd6 37. Nd5 Rf7 38. a3 b5 39. Kd3 bxc4+ 40. Kxc4 Rf1 41. Rf2 a6 42. a4 Re1 43. Rf6+ Kd7 44. Rf7+ Ke6 45. Rxh7 Bxd5+ 46. exd5+ Kf5 47. Kd3 e4+ 48. Kd2 Rb1 49. Rf7+ Kg4 50. Bf4 e3+ 51. Bxe3 Rxb3 52. Rf6 Be5 53. Rxg6+ Kf3 54. Bxc5 Rb2+ 55. Kd3 Rb3+ 56. Kc4 Rc3+ 57. Kb4 a5+ 58. Kb5 Rb3+ 59. Kc6 1-0

[Event "Toronto-Tch 2004-05"]
[Site "Toronto CAN"]
[Date "2004.10.27"]
[Round "1"]
[White "Dougherty, Michael"]
[Black "Findlay, Ian"]
[Result "1/2-1/2"]
[WhiteElo "2299"]
[BlackElo "2383"]
[PlyCount "32"]
[GameId "2160767911060924"]
[EventDate "2004.10.27"]
[EventType "team"]
[EventRounds "4"]
[EventCountry "CAN"]
[SourceTitle "EXT 2006"]
[Source "ChessBase"]
[SourceDate "2005.11.24"]
[SourceVersion "1"]
[SourceVersionDate "2005.11.24"]
[SourceQuality "1"]

1. Nf3 Nf6 2. c4 c5 3. Nc3 g6 4. g3 Bg7 5. Bg2 O-O 6. O-O Nc6 7. d4 cxd4 8. Nxd4 Nxd4 9. Qxd4 d6 10. b3 Qa5 11. Bb2 Ng4 12. Qd2 Qh5 13. h3 Nf6 14. Kh2 Ng4+ 15. Kg1 Nf6 16. Kh2 Ng4+ 1/2-1/2

[Event "Toronto-Tch 2004-05"]
[Site "Toronto CAN"]
[Date "2004.10.27"]
[Round "1"]
[White "Kret, Ted"]
[Black "Urquhart, Eddie"]
[Result "0-1"]
[WhiteElo "2232"]
[BlackElo "2232"]
[PlyCount "90"]
[GameId "2160767911060925"]
[EventDate "2004.10.27"]
[EventType "team"]
[EventRounds "4"]
[EventCountry "CAN"]
[SourceTitle "EXT 2006"]
[Source "ChessBase"]
[SourceDate "2005.11.24"]
[SourceVersion "1"]
[SourceVersionDate "2005.11.24"]
[SourceQuality "1"]

1. d4 Nf6 2. c4 Nc6 3. Nf3 e6 4. a3 g6 5. h3 d6 6. Nc3 Bg7 7. e4 O-O 8. Bg5 h6 9. Be3 e5 10. d5 Ne7 11. Qd2 Kh7 12. g4 Nd7 13. Bd3 Nc5 14. Bc2 a5 15. O-O-O b6 16. Rdg1 Ba6 17. Nb5 Bxb5 18. cxb5 a4 19. Qe2 Qd7 20. Nd2 Ra5 21. Bxc5 bxc5 22. Bd3 Rb8 23. h4 Nc8 24. h5 g5 25. f4 Bf6 26. Nc4 Raxb5 27. fxe5 dxe5 28. Rf1 Bg7 29. Rf5 f6 30. Rhf1 Rb3 31. Rxf6 Bxf6 32. Rxf6 Nd6 33. Qf1 R8b7 34. Nxe5 Qg7 35. Nf7 Rxd3 36. Rxh6+ Qxh6 37. Nxh6 Rg3 38. Nf5 Rgb3 39. Nxd6 cxd6 40. Qf5+ Kh8 41. Qxg5 Rf7 42. Qh6+ Kg8 43. Qg6+ Kf8 44. Qxd6+ Ke8 45. Qa6 Rfb7 0-1

[Event "Toronto-Tch 2004-05"]
[Site "Toronto CAN"]
[Date "2004.10.27"]
[Round "1"]
[White "Milicevic, Goran"]
[Black "Krnan, Tomas"]
[Result "1-0"]
[WhiteElo "2370"]
[BlackElo "2416"]
[PlyCount "69"]
[GameId "2160767911060926"]
[EventDate "2004.10.27"]
[EventType "team"]
[EventRounds "4"]
[EventCountry "CAN"]
[SourceTitle "EXT 2006"]
[Source "ChessBase"]
[SourceDate "2005.11.24"]
[SourceVersion "1"]
[SourceVersionDate "2005.11.24"]
[SourceQuality "1"]

1. e4 e5 2. Nf3 Nc6 3. Nc3 Nf6 4. g3 Be7 5. Bg2 O-O 6. O-O d6 7. h3 Be6 8. d4 exd4 9. Nxd4 Nxd4 10. Qxd4 Nd7 11. Nd5 Bxd5 12. Qxd5 c6 13. Qc4 Bf6 14. Be3 Ne5 15. Qe2 b5 16. b3 Qc7 17. Rad1 Rad8 18. f4 Nd7 19. Qf2 Rfe8 20. g4 g6 21. g5 Bg7 22. f5 Ne5 23. f6 Bf8 24. Qg3 d5 25. Bf4 d4 26. h4 c5 27. h5 Bd6 28. hxg6 Nxg6 29. Qh2 Ne5 30. Bh3 Ng6 31. Bf5 Qc6 32. Rd3 Rxe4 33. Bxe4 Qxe4 34. Bxd6 Qg4+ 35. Rg3 1-0

[Event "Toronto-Tch 2004-05"]
[Site "Toronto CAN"]
[Date "2004.11.16"]
[Round "1"]
[White "Findlay, Ian"]
[Black "Rek, Slava"]
[Result "1/2-1/2"]
[WhiteElo "2383"]
[BlackElo "2281"]
[PlyCount "52"]
[GameId "2160767911060927"]
[EventDate "2004.10.27"]
[EventType "team"]
[EventRounds "4"]
[EventCountry "CAN"]
[SourceTitle "EXT 2006"]
[Source "ChessBase"]
[SourceDate "2005.11.24"]
[SourceVersion "1"]
[SourceVersionDate "2005.11.24"]
[SourceQuality "1"]

1. e4 g6 2. d4 Bg7 3. Nf3 c5 4. d5 d6 5. h3 Nf6 6. Nc3 O-O 7. Bd3 e6 8. O-O exd5 9. exd5 b6 10. Re1 Bb7 11. Bc4 Na6 12. Bg5 h6 13. Bf4 Nc7 14. Qd2 Kh7 15. a4 a6 16. Rab1 Qd7 17. b4 cxb4 18. Rxb4 b5 19. axb5 axb5 20. Bxb5 Nxb5 21. Rxb5 Rfc8 22. Reb1 Ba6 23. Rb6 Rxc3 24. Qxc3 Nxd5 25. Qd2 Nxb6 26. Rxb6 Qa4 1/2-1/2

[Event "Toronto-Tch 2004-05"]
[Site "Toronto CAN"]
[Date "2004.11.16"]
[Round "1"]
[White "Gulko, Andrei"]
[Black "Richardson, Ross"]
[Result "1-0"]
[WhiteElo "2093"]
[BlackElo "1941"]
[PlyCount "79"]
[GameId "2160767911060928"]
[EventDate "2004.10.27"]
[EventType "team"]
[EventRounds "4"]
[EventCountry "CAN"]
[SourceTitle "EXT 2006"]
[Source "ChessBase"]
[SourceDate "2005.11.24"]
[SourceVersion "1"]
[SourceVersionDate "2005.11.24"]
[SourceQuality "1"]

1. d4 Nf6 2. Bg5 c5 3. Bxf6 exf6 4. dxc5 Bxc5 5. e3 O-O 6. Nd2 Nc6 7. Nb3 Bb6 8. c3 d5 9. Nf3 Re8 10. Be2 Be6 11. O-O Qe7 12. Re1 Rad8 13. Nbd4 Ne5 14. a4 a6 15. Qb3 Bc7 16. Rad1 Bb8 17. g3 Bh3 18. Bf1 Bg4 19. Be2 h5 20. Rd2 Nc6 21. Qd1 Be6 22. Nxe6 fxe6 23. Nd4 h4 24. Bh5 Ne5 25. Bxe8 Rxe8 26. Qh5 hxg3 27. hxg3 Nf7 28. Kg2 Nh6 29. Qg6 Rc8 30. Rh1 Kf8 31. Rdd1 Qf7 32. Qxf7+ Kxf7 33. Ra1 Be5 34. Rhd1 Bxd4 35. Rxd4 Nf5 36. Rdd1 Rc6 37. e4 Ne7 38. exd5 Nxd5 39. Rd2 Ke7 40. Rh1 1-0

[Event "Toronto-Tch 2004-05"]
[Site "Toronto CAN"]
[Date "2004.11.16"]
[Round "1"]
[White "Plotkin, Victor"]
[Black "Urquhart, Eddie"]
[Result "1/2-1/2"]
[WhiteElo "2200"]
[BlackElo "2232"]
[PlyCount "120"]
[GameId "2160767911060929"]
[EventDate "2004.10.27"]
[EventType "team"]
[EventRounds "4"]
[EventCountry "CAN"]
[SourceTitle "EXT 2006"]
[Source "ChessBase"]
[SourceDate "2005.11.24"]
[SourceVersion "1"]
[SourceVersionDate "2005.11.24"]
[SourceQuality "1"]

1. e4 c5 2. c3 d5 3. exd5 Qxd5 4. d4 Nf6 5. Nf3 Nc6 6. Be2 cxd4 7. cxd4 e6 8. Nc3 Qd6 9. O-O Be7 10. h3 O-O 11. Be3 b6 12. Qa4 Bb7 13. Rfd1 Qb4 14. Qxb4 Nxb4 15. Rac1 Rac8 16. a3 Nbd5 17. Nxd5 Nxd5 18. Ne5 f6 19. Nd3 Bd6 20. Bf3 Rfe8 21. Bd2 Kf7 22. Rxc8 Rxc8 23. Rc1 Rxc1+ 24. Nxc1 Ba6 25. Ne2 Bc4 26. g3 Bc7 27. Nc3 Nxc3 28. Bxc3 Ke7 29. Be4 h6 30. f4 a5 31. Kf2 Kd6 32. Ke3 Bd5 33. Bc2 Kc6 34. Ba4+ b5 35. Bc2 Bb6 36. Bg6 Kd6 37. Bc2 Bc6 38. Bg6 Bg2 39. h4 Kd5 40. Bb1 Kd6 41. Bg6 Bc6 42. Kd3 Bg2 43. Be8 Ke7 44. Bg6 Bd5 45. Ke3 Bc4 46. Bh5 Kd6 47. Bg6 Bd5 48. Be8 Bc6 49. Bg6 Bd7 50. Bh5 Kd5 51. Kd3 Kd6 52. Ke3 Bc6 53. Bg6 Bb7 54. Be8 Ba6 55. b4 a4 56. Kd3 Bd8 57. Bd2 Bb6 58. Be3 Bc7 59. g4 Ke7 60. Bc6 Kd6 1/2-1/2

[Event "Toronto-Tch 2004-05"]
[Site "Toronto CAN"]
[Date "2004.11.16"]
[Round "1"]
[White "Stevens, Christian"]
[Black "Krupnov, Maxim E"]
[Result "1/2-1/2"]
[WhiteElo "2344"]
[BlackElo "2232"]
[PlyCount "108"]
[GameId "2160767911060930"]
[EventDate "2004.10.27"]
[EventType "team"]
[EventRounds "4"]
[EventCountry "CAN"]
[SourceTitle "EXT 2006"]
[Source "ChessBase"]
[SourceDate "2005.11.24"]
[SourceVersion "1"]
[SourceVersionDate "2005.11.24"]
[SourceQuality "1"]

1. e4 e5 2. Nf3 Nc6 3. Bb5 a6 4. Ba4 d6 5. Bxc6+ bxc6 6. d4 exd4 7. Qxd4 c5 8. Qd3 Be7 9. O-O Bb7 10. Re1 Nf6 11. e5 dxe5 12. Nxe5 O-O 13. Qxd8 Raxd8 14. Nc3 Rfe8 15. Bg5 h6 16. Bh4 Rd2 17. Rad1 Rxc2 18. Nd7 Bc6 19. Bxf6 gxf6 20. Nd5 Bxd5 21. Rxd5 Rd8 22. Kf1 Bd6 23. Nxf6+ Kg7 24. Nh5+ Kf8 25. Re2 Rc1+ 26. Re1 Rc2 27. Re2 Rc1+ 28. Re1 Rxe1+ 29. Kxe1 c4 30. Kd1 Rb8 31. Kc2 Rb5 32. Rxb5 axb5 33. f4 Ke7 34. a4 b4 35. g3 Ke6 36. Ng7+ Kd5 37. Nf5 Bf8 38. a5 Kc5 39. a6 Kb6 40. Ne3 c3 41. bxc3 Kxa6 42. cxb4 Bxb4 43. Nf5 Bf8 44. g4 Kb5 45. h4 Kc4 46. h5 f6 47. g5 hxg5 48. fxg5 fxg5 49. h6 Bxh6 50. Nxh6 Kd4 51. Ng4 Ke4 52. Kc3 Kf4 53. Nh6 g4 54. Nxg4 Kxg4 1/2-1/2

[Event "Toronto-Tch 2004-05"]
[Site "Toronto CAN"]
[Date "2005.05.04"]
[Round "3"]
[White "Buscar, Michael"]
[Black "Zybura, Andre"]
[Result "0-1"]
[WhiteElo "2193"]
[BlackElo "2002"]
[PlyCount "54"]
[GameId "2160767911060931"]
[EventDate "2004.10.27"]
[EventType "team"]
[EventRounds "4"]
[EventCountry "CAN"]
[SourceTitle "EXT 2006"]
[Source "ChessBase"]
[SourceDate "2005.11.24"]
[SourceVersion "1"]
[SourceVersionDate "2005.11.24"]
[SourceQuality "1"]

1. d4 g6 2. c4 Bg7 3. Nc3 d6 4. Nf3 Nd7 5. e4 e5 6. Be2 Ne7 7. O-O h6 8. d5 O-O 9. Ne1 f5 10. exf5 Nxf5 11. Bd3 Nc5 12. Ne4 Nxe4 13. Bxe4 Qh4 14. Qd3 Nd4 15. Bxg6 Bg4 16. f3 Bf5 17. Bxf5 Rxf5 18. Be3 e4 19. fxe4 Rxf1+ 20. Kxf1 Rf8+ 21. Kg1 Be5 22. g3 Bxg3 23. hxg3 Qxg3+ 24. Kh1 Qh3+ 25. Kg1 Nf3+ 26. Nxf3 Rxf3 27. Qe2 Qg4+ 0-1

[Event "Toronto-Tch 2004-05"]
[Site "Toronto CAN"]
[Date "2005.05.04"]
[Round "3"]
[White "Peredun, Andrew"]
[Black "Milicevic, Goran"]
[Result "1-0"]
[WhiteElo "2328"]
[BlackElo "2370"]
[PlyCount "59"]
[GameId "2160767911060932"]
[EventDate "2004.10.27"]
[EventType "team"]
[EventRounds "4"]
[EventCountry "CAN"]
[SourceTitle "EXT 2006"]
[Source "ChessBase"]
[SourceDate "2005.11.24"]
[SourceVersion "1"]
[SourceVersionDate "2005.11.24"]
[SourceQuality "1"]

1. e4 e6 2. d4 d5 3. Nd2 Nf6 4. e5 Ne4 5. Bd3 Nxd2 6. Bxd2 c5 7. dxc5 Bxc5 8. Qg4 g6 9. Nf3 Nc6 10. O-O Qc7 11. Rfe1 Bd7 12. Bg5 Qb6 13. Qh4 Qb4 14. c4 dxc4 15. a3 Qb6 16. Bxc4 Be7 17. Bxe7 Nxe7 18. Qf6 Rf8 19. Ng5 Ng8 20. Qg7 h6 21. Nxf7 Rxf7 22. Qxg8+ Ke7 23. Qxg6 Rxf2 24. Kh1 Raf8 25. Rad1 Qc6 26. Bf1 Qc2 27. Qxh6 Qf5 28. Qh4+ Ke8 29. Bd3 Qf7 30. Bb5 1-0

[Event "Toronto-Tch 2004-05"]
[Site "Toronto CAN"]
[Date "2005.05.04"]
[Round "3"]
[White "Zubac, Marius"]
[Black "Urquhart, Eddie"]
[Result "0-1"]
[WhiteElo "2235"]
[BlackElo "2232"]
[PlyCount "52"]
[GameId "2160767911060934"]
[EventDate "2004.10.27"]
[EventType "team"]
[EventRounds "4"]
[EventCountry "CAN"]
[SourceTitle "EXT 2006"]
[Source "ChessBase"]
[SourceDate "2005.11.24"]
[SourceVersion "1"]
[SourceVersionDate "2005.11.24"]
[SourceQuality "1"]

1. d4 Nf6 2. c4 g6 3. Nc3 d5 4. cxd5 Nxd5 5. e4 Nxc3 6. bxc3 Bg7 7. Bc4 c5 8. Ne2 O-O 9. Be3 Nc6 10. h4 cxd4 11. cxd4 Qd6 12. Rc1 Rd8 13. d5 Ne5 14. Qb3 Bd7 15. Qxb7 Rdb8 16. Qa6 Nxc4 17. Qxc4 Rb2 18. Nd4 Rb4 19. Qd3 e6 20. Nc6 Ra4 21. Qc2 Qa3 22. O-O exd5 23. exd5 Rxh4 24. Bg5 Rg4 25. Qd2 Qf3 26. g3 Rh4 0-1

[Event "Toronto-Tch 2004-05"]
[Site "Toronto CAN"]
[Date "2005.05.18"]
[Round "4"]
[White "Krupnov, Maxim E"]
[Black "Stevens, Christian"]
[Result "0-1"]
[WhiteElo "2232"]
[BlackElo "2344"]
[PlyCount "58"]
[GameId "2160767911060935"]
[EventDate "2004.10.27"]
[EventType "team"]
[EventRounds "4"]
[EventCountry "CAN"]
[SourceTitle "EXT 2006"]
[Source "ChessBase"]
[SourceDate "2005.11.24"]
[SourceVersion "1"]
[SourceVersionDate "2005.11.24"]
[SourceQuality "1"]

1. e4 c5 2. Nf3 e6 3. b3 Nc6 4. Bb2 Qc7 5. Bb5 Nf6 6. e5 Ng4 7. d4 Qa5+ 8. Nc3 cxd4 9. Nxd4 Bb4 10. O-O Bxc3 11. Bxc3 Qxc3 12. Bxc6 Nxe5 13. Be4 d5 14. Bxd5 exd5 15. Re1 f6 16. f4 Bg4 17. Nb5 Qc5+ 18. Qd4 Qxb5 19. fxe5 f5 20. c4 dxc4 21. bxc4 Qd7 22. Qc5 b6 23. Qa3 Qe6 24. h3 Bh5 25. g4 fxg4 26. Rad1 gxh3 27. Qa4+ Kf8 28. Rf1+ Kg8 29. Qxa7 Qg4+ 0-1

[Event "Toronto-Tch 2004-05"]
[Site "Toronto CAN"]
[Date "2005.05.18"]
[Round "4"]
[White "Milicevic, Goran"]
[Black "Plotkin, Victor"]
[Result "1-0"]
[WhiteElo "2370"]
[BlackElo "2200"]
[PlyCount "119"]
[GameId "2160767911060936"]
[EventDate "2004.10.27"]
[EventType "team"]
[EventRounds "4"]
[EventCountry "CAN"]
[SourceTitle "EXT 2006"]
[Source "ChessBase"]
[SourceDate "2005.11.24"]
[SourceVersion "1"]
[SourceVersionDate "2005.11.24"]
[SourceQuality "1"]

1. e4 e5 2. Nf3 d6 3. d4 exd4 4. Qxd4 Nc6 5. Bb5 Bd7 6. Bxc6 Bxc6 7. Nc3 Nf6 8. Bg5 Be7 9. O-O-O h6 10. Bh4 Qd7 11. Rhe1 Qg4 12. Bxf6 Qf4+ 13. Kb1 Qxf6 14. e5 dxe5 15. Nxe5 O-O 16. Nxc6 bxc6 17. Qxf6 Bxf6 18. Ne4 Be5 19. Nc5 Rfe8 20. c3 Bd6 21. Nb3 Kf8 22. Kc2 g6 23. g3 h5 24. Kd3 Rab8 25. Kc4 h4 26. f4 f5 27. Kd3 Kf7 28. Rxe8 Kxe8 29. Rd2 Kd7 30. Ke3 hxg3 31. hxg3 Rh8 32. c4 Kc8 33. c5 Be7 34. Rc2 Bf6 35. Na5 Rd8 36. Kf3 Re8 37. b4 g5 38. fxg5 Bxg5 39. Rh2 Re3+ 40. Kf2 Ra3 41. Rh8+ Kd7 42. Rh7+ Be7 43. Nc4 Rxa2+ 44. Kf3 Ke6 45. Ne3 Rb2 46. Nxf5 Rb3+ 47. Ke4 Rxb4+ 48. Nd4+ Kd7 49. Ke5 Rb1 50. Nf5 Re1+ 51. Kd4 Ke6 52. g4 Rd1+ 53. Ke4 Bxc5 54. g5 Rg1 55. Ng7+ Ke7 56. Nh5+ Kd8 57. Kf5 Be3 58. Nf4 c5 59. g6 a5 60. Ne6+ 1-0

[Event "Toronto-Tch 2004-05"]
[Site "Toronto CAN"]
[Date "2005.05.18"]
[Round "4"]
[White "Molchanov, Yevhen"]
[Black "Buscar, Michael"]
[Result "0-1"]
[WhiteElo "2165"]
[BlackElo "2193"]
[PlyCount "70"]
[GameId "2160767911060937"]
[EventDate "2004.10.27"]
[EventType "team"]
[EventRounds "4"]
[EventCountry "CAN"]
[SourceTitle "EXT 2006"]
[Source "ChessBase"]
[SourceDate "2005.11.24"]
[SourceVersion "1"]
[SourceVersionDate "2005.11.24"]
[SourceQuality "1"]

1. d4 d5 2. Bg5 Nf6 3. Nd2 e6 4. e4 dxe4 5. Nxe4 Be7 6. Bxf6 Bxf6 7. Nf3 Nd7 8. Bd3 Be7 9. Qe2 Nf6 10. O-O-O c6 11. Kb1 a5 12. Ne5 Nxe4 13. Bxe4 Bf6 14. f4 Qc7 15. Rhf1 a4 16. a3 Ra5 17. Rd3 g6 18. c4 O-O 19. h4 c5 20. d5 Bxe5 21. fxe5 Qxe5 22. Re3 Qd4 23. Rd1 Qf6 24. h5 exd5 25. Bxd5 Bf5+ 26. Ka1 Ra6 27. Re1 Rb6 28. Re8 gxh5 29. Rxf8+ Kxf8 30. Rf1 Rb3 31. Ka2 Kg7 32. Rf2 Rb6 33. Qe3 Rb3 34. Qf4 Bb1+ 35. Kxb1 Rxb2+ 0-1

[Event "Toronto-Tch 2004-05"]
[Site "Toronto CAN"]
[Date "2005.05.18"]
[Round "4"]
[White "Urquhart, Eddie"]
[Black "Gulko, Andrei"]
[Result "1-0"]
[WhiteElo "2232"]
[BlackElo "2093"]
[PlyCount "89"]
[GameId "2160767911060938"]
[EventDate "2004.10.27"]
[EventType "team"]
[EventRounds "4"]
[EventCountry "CAN"]
[SourceTitle "EXT 2006"]
[Source "ChessBase"]
[SourceDate "2005.11.24"]
[SourceVersion "1"]
[SourceVersionDate "2005.11.24"]
[SourceQuality "1"]

1. e4 e5 2. Nf3 Nf6 3. Nxe5 d6 4. Nf3 Nxe4 5. Nc3 Nxc3 6. dxc3 Be7 7. Bf4 Nc6 8. Qd2 Be6 9. Nd4 Nxd4 10. cxd4 d5 11. Bd3 Qd7 12. c3 c6 13. Qc2 Bd6 14. Bxd6 Qxd6 15. O-O Qf4 16. Rfe1 g6 17. Re3 Qf6 18. Rf1 O-O-O 19. b4 b5 20. a4 a6 21. Ra1 Kb7 22. Ree1 Ra8 23. Ra3 Qd8 24. Rea1 Qb6 25. Qd2 h5 26. Qg5 Qd8 27. Qe5 Qd7 28. axb5 axb5 29. Qxh8 Rxh8 30. Ra7+ Kc8 31. Ra8+ Kc7 32. Rxh8 Kd6 33. Rha8 Qe7 34. Bxb5 Qg5 35. Bf1 h4 36. R8a7 Bh3 37. Kh1 Bd7 38. Rb7 h3 39. g3 Qf5 40. Kg1 Qf3 41. Raa7 Bf5 42. Rxf7 Qd1 43. Rf6+ Be6 44. Rg7 Qc1 45. Rgxg6 1-0

[Event "Tournoi de la St-Jean"]
[Site "Quebec CAN"]
[Date "2004.06.25"]
[Round "1"]
[White "Allen, Marc-Antoine"]
[Black "Bernatchez, Dan"]
[Result "0-1"]
[WhiteElo "1451"]
[BlackElo "1667"]
[PlyCount "46"]
[GameId "2160767911145668"]
[EventDate "2004.06.??"]
[EventType "swiss"]
[EventRounds "5"]
[EventCountry "CAN"]
[SourceTitle "EXT 2006"]
[Source "ChessBase"]
[SourceDate "2005.11.24"]
[SourceVersion "1"]
[SourceVersionDate "2005.11.24"]
[SourceQuality "1"]

1. e4 e6 2. d4 d5 3. Nc3 Nf6 4. Bg5 Be7 5. e5 Nfd7 6. Bxe7 Qxe7 7. Nf3 O-O 8. Bd3 c5 9. Nb5 a6 10. Na3 cxd4 11. O-O Nc6 12. Re1 f6 13. exf6 Qxf6 14. Qd2 e5 15. Ng5 e4 16. Bxe4 dxe4 17. Nxe4 Qf5 18. Qe2 Nde5 19. Nc4 Nxc4 20. Qxc4+ Qf7 21. Qc5 Be6 22. a3 Bd5 23. f3 Bxe4 0-1

[Event "Tournoi de la St-Jean"]
[Site "Quebec CAN"]
[Date "2004.06.25"]
[Round "1"]
[White "Beauchesne, Jonathan"]
[Black "Belanger, Martin"]
[Result "1/2-1/2"]
[WhiteElo "1132"]
[BlackElo "1355"]
[PlyCount "93"]
[GameId "2160767911145669"]
[EventDate "2004.06.??"]
[EventType "swiss"]
[EventRounds "5"]
[EventCountry "CAN"]
[SourceTitle "EXT 2006"]
[Source "ChessBase"]
[SourceDate "2005.11.24"]
[SourceVersion "1"]
[SourceVersionDate "2005.11.24"]
[SourceQuality "1"]

1. e4 e5 2. Nf3 Nc6 3. Bb5 a6 4. Ba4 Nf6 5. O-O Bc5 6. Bxc6 dxc6 7. d3 Qd6 8. h3 O-O 9. Re1 Be6 10. Be3 Rad8 11. Qe2 Bxe3 12. Qxe3 c5 13. Nbd2 b5 14. b3 Nh5 15. Qg5 Nf4 16. Qxe5 Qxe5 17. Nxe5 f6 18. Nef3 Rd7 19. Nf1 g5 20. Ne3 h5 21. Nf5 Kh7 22. Kh2 h4 23. g4 hxg3+ 24. fxg3 Ng6 25. Rad1 Ne5 26. Nxe5 fxe5 27. g4 Rfd8 28. Ne3 c4 29. dxc4 bxc4 30. Rxd7+ Rxd7 31. Rd1 Rxd1 32. Nxd1 cxb3 33. cxb3 c5 34. Ne3 Bd7 35. Kg3 Bb5 36. Nc4 Bxc4 37. bxc4 Kg6 38. Kf3 Kf6 39. Ke3 a5 40. Kd3 a4 41. Kc3 Ke6 42. Kb2 Kd6 43. Ka3 Kc6 44. Kxa4 Kb6 45. a3 Ka6 46. Kb3 Ka5 47. a4 1/2-1/2

[Event "Tournoi de la St-Jean"]
[Site "Quebec CAN"]
[Date "2004.06.25"]
[Round "1"]
[White "Blais, Georges"]
[Black "Richard, Christian"]
[Result "1/2-1/2"]
[WhiteElo "1559"]
[BlackElo "1762"]
[PlyCount "145"]
[GameId "2160767911145670"]
[EventDate "2004.06.??"]
[EventType "swiss"]
[EventRounds "5"]
[EventCountry "CAN"]
[SourceTitle "EXT 2006"]
[Source "ChessBase"]
[SourceDate "2005.11.24"]
[SourceVersion "1"]
[SourceVersionDate "2005.11.24"]
[SourceQuality "1"]

1. Nf3 d5 2. e4 dxe4 3. Ng5 Bf5 4. Qe2 c6 5. Nxe4 e6 6. d3 Nf6 7. Nbc3 Nbd7 8. h3 Nb6 9. Nxf6+ Qxf6 10. Ne4 Bxe4 11. Qxe4 O-O-O 12. Qf4 Qg6 13. Qg5 Nd5 14. Qxg6 hxg6 15. Bd2 Bc5 16. Be2 Nf6 17. Ba5 Rd5 18. Bd2 Bb6 19. Bf3 Re5+ 20. Be2 Rd8 21. f4 Red5 22. Bf3 R5d7 23. O-O-O Nd5 24. Bxd5 Rxd5 25. Rhe1 Rd4 26. Rf1 R4d5 27. Rf3 a5 28. Bc3 Bd4 29. Bxd4 Rxd4 30. Re1 b5 31. Re4 b4 32. Rxd4 Rxd4 33. c3 Rd5 34. Kc2 c5 35. Re3 Kd7 36. c4 Rd4 37. Re4 Rd6 38. b3 f6 39. Kd2 Ke7 40. Ke3 Ra6 41. d4 a4 42. dxc5 axb3 43. axb3 Ra3 44. Rd4 Rxb3+ 45. Kd2 Rb2+ 46. Kc1 Ra2 47. c6 Ra7 48. c5 Rc7 49. Rd6 g5 50. g3 e5 51. f5 e4 52. Kb2 e3 53. Kb3 e2 54. Re6+ Kf7 55. Rxe2 Rxc6 56. Kxb4 g6 57. fxg6+ Kxg6 58. Kb5 Rc8 59. c6 Kf7 60. Kb6 Rb8+ 61. Ka7 Rb3 62. Rd2 Ra3+ 63. Kb8 Rb3+ 64. Kc8 Rxg3 65. Kd8 Rxh3 66. Rd7+ Ke6 67. Kc7 Rc3 68. Rd6+ Ke5 69. Kd7 f5 70. c7 Rxc7+ 71. Kxc7 g4 72. Rg6 Kf4 73. Kd6 1/2-1/2

[Event "Tournoi de la St-Jean"]
[Site "Quebec CAN"]
[Date "2004.06.25"]
[Round "1"]
[White "Boutin, Andre"]
[Black "Allard, Laurent"]
[Result "1/2-1/2"]
[WhiteElo "1313"]
[BlackElo "1067"]
[PlyCount "102"]
[GameId "2160767911145671"]
[EventDate "2004.06.??"]
[EventType "swiss"]
[EventRounds "5"]
[EventCountry "CAN"]
[SourceTitle "EXT 2006"]
[Source "ChessBase"]
[SourceDate "2005.11.24"]
[SourceVersion "1"]
[SourceVersionDate "2005.11.24"]
[SourceQuality "1"]

1. e4 c5 2. Nf3 d6 3. d4 cxd4 4. Nxd4 Nf6 5. Bd3 a6 6. O-O e6 7. Bg5 Be7 8. c4 Nc6 9. Nxc6 bxc6 10. Qc2 h6 11. Bh4 O-O 12. Nc3 Bd7 13. Rad1 Qb6 14. e5 dxe5 15. Bxf6 Bxf6 16. Bh7+ Kh8 17. Rxd7 Rad8 18. Rxd8 Rxd8 19. Bd3 Qd4 20. Rd1 Qb6 21. Ne4 Be7 22. Be2 Rxd1+ 23. Bxd1 f5 24. c5 Qb5 25. Nc3 Qxc5 26. Ne2 Qa5 27. Ng3 Qxa2 28. b3 Qxc2 29. Bxc2 Bb4 30. f3 g5 31. Kf2 Kg7 32. Ke2 Kf7 33. Kd3 Ke7 34. h3 Kd6 35. Kc4 c5 36. Ne2 Kc6 37. Bd3 a5 38. g3 h5 39. f4 exf4 40. gxf4 g4 41. hxg4 hxg4 42. Ng3 Be1 43. Nxf5 exf5 44. Bxf5 g3 45. Be4+ Kd6 46. Bd5 Bd2 47. f5 Ke5 48. Kxc5 Kxf5 49. Kd4 Kg4 50. Bg2 Bb4 51. Kd3 Kf4 1/2-1/2

[Event "Tournoi de la St-Jean"]
[Site "Quebec CAN"]
[Date "2004.06.25"]
[Round "1"]
[White "Carrier, Claude"]
[Black "Larochelle, Martial"]
[Result "1/2-1/2"]
[WhiteElo "1917"]
[BlackElo "2159"]
[PlyCount "95"]
[GameId "2160767911145672"]
[EventDate "2004.06.??"]
[EventType "swiss"]
[EventRounds "5"]
[EventCountry "CAN"]
[SourceTitle "EXT 2006"]
[Source "ChessBase"]
[SourceDate "2005.11.24"]
[SourceVersion "1"]
[SourceVersionDate "2005.11.24"]
[SourceQuality "1"]

1. e4 c5 2. Nf3 d6 3. d4 cxd4 4. Nxd4 Nf6 5. Nc3 a6 6. Be3 e5 7. Nb3 Be6 8. f4 Ng4 9. Bd2 exf4 10. Bxf4 Nc6 11. h3 Nge5 12. Nd5 Be7 13. Qe2 Rc8 14. c4 O-O 15. g4 Bg5 16. Bxg5 Qxg5 17. Kd1 Bxd5 18. exd5 Nb4 19. Qd2 Qxd2+ 20. Nxd2 Nbd3 21. Bxd3 Nxd3 22. Kc2 Ne5 23. b3 b5 24. Kc3 bxc4 25. bxc4 f5 26. g5 f4 27. Rhf1 Rf5 28. h4 f3 29. Rae1 Rf4 30. Re3 Rxh4 31. Rxe5 dxe5 32. Rxf3 Rd4 33. Rd3 Rg4 34. d6 Rxg5 35. Ne4 Rg6 36. c5 Kf7 37. Kc4 Ke6 38. d7 Rd8 39. c6 Ke7 40. Kc5 Rg1 41. c7 Rxd7 42. c8=Q Rxd3 43. Qb7+ Rd7 44. Qb2 Ke6 45. Qb3+ Ke7 46. Qb2 Ke6 47. Qb3+ Ke7 48. Qb2 1/2-1/2